000 00624nab a2200181 4500
999 _c372321
_d372321
001 90031
003 OSt
005 20230328120542.0
007 tu
008 110905s2000|||||||
040 _aDE-2950
_cDE-2950
245 0 0 _aNeues Hotel in Altberesinchen.
_bImmobilien. Direkt hinter dem Bahnhofstunnel am Dresdner Platz haben die Bauarbeiten für einen neuen Standort der französischen Kette B&B begonnen /
_cRené Matschkowiak
264 _c2023
653 _aFrankfurt (Oder)
653 _aHotel / Neubau
773 0 _g34. Jahrgang (2023) Nr. 70, 23.03.2023, S. 1 + 13: mit Foto
_tMärkische Oderzeitung
942 _2z
_cA